Logos de clubs de football italiens - Mort subite - Statistiques

Statistiques générales
  • Ce quiz a été pris 11 875 fois
  • Le résultat moyen est 11 sur 14
Answers on the Grid
Answers color-coded by a green-red scale on the quiz's grid according to % correct below.
 
Statistiques - réponses
Réponse % Correct
92%
90%
90%
90%
89%
88%
83%
83%
82%
80%
80%
78%
63%
52%
Aucun quiz correspondant
Distribution des résultats
% des personnes avec chaque résultat
Percentile par nombre de réponses
Votre historique - résultats
Vous n’avez pas pris ce quiz